000 00796nab a2200241u 4500
001 15760
003 HDC
007 c| |||a|c|aaaa
008 210218b20140224my ||||| |||| 00| 0 may d
040 _aHDC
100 _aIrwan Shafrizan Ismail /
_eauthor
_912338
245 0 _aPlatcom pemangkin inovasi dalam PKS /
_cIrwan Shafrizan Ismail
336 _atext
_2rdacontent
337 _acomputer
_2rdamedia
338 _aonline resource
_2rdacarrier
650 _aPlaTCOM
_915839
650 _asmall and medium enterprises
_95226
710 _aBERITA HARIAN
856 _zRequest full-text at [email protected]
942 _2lcc
942 _cNEWS
942 _kNWSC 003758
999 _c13076
_d13076